000 00206 a2200097 4500
001 19815
100 _aHirschhorn J
245 _aDynamics of machinery
260 _a
_bNelson
_c1963
090 _c14439
_d14439
942 _aNUST-CAE
_cM
_c4935
999 _c254888
_d254888